Zásobovanie v sklade s viacerými substrátmi podľa modelov zásob diplomová práca
Na minha lista:
| Autor principal: | |
|---|---|
| Autor Corporativo: | |
| Outros Autores: | |
| Formato: | Livro |
| Idioma: | eslovaco |
| Publicado em: |
Bratislava
2014
|
| Tags: |
Sem tags, seja o primeiro a adicionar uma tag!
|
MARC
| LEADER | 00000nbm a2200000 4500 | ||
|---|---|---|---|
| 001 | 0188789 | ||
| 005 | 20170201113224.8 | ||
| 041 | 0 | |a slo | |
| 044 | |a SK | ||
| 245 | 1 | 0 | |a Zásobovanie v sklade s viacerými substrátmi podľa modelov zásob |b diplomová práca |c Erik Pečuch ; školiteľ: Katarína Čemická |
| 264 | 1 | |a Bratislava |c 2014 | |
| 300 | |a 69 s. | ||
| 100 | 1 | |a Pečuch, Erik | |
| 700 | 1 | |a Čemická, Katarína | |
| 710 | 2 | |a Fakulta hospodárskej informatiky EU. Katedra operačného výskumu a ekonometrie | |